000 00280nam a2200121Ia 4500
008 250224s9999 xx 000 0 und d
020 _a9781444128864
082 _a150.1RIC
100 _aRichard Gross
245 0 _aBeing human
942 _cBK
999 _c472378
_d472378